Statistics for First-Level Subdivisions by Letter - A

Click here to take the quiz!

General Stats

  • This quiz has been taken 42 times
  • The average score is 50 of 272

Answer Stats

CountrySubdivision% Correct
AlgeriaAlgiers
82%
TurkmenistanAhal
77%
United StatesAlabama
77%
CanadaAlberta
77%
SyriaAleppo
77%
MaldivesAri Atholhu Dhekunuburi
77%
MaldivesAri Atholhu Uthuruburi
77%
EgyptAlexandria
73%
TurkeyAnkara
73%
United StatesArizona
73%
EthiopiaAddis Ababa
68%
United StatesAlaska
68%
GreeceAttica
68%
KazakhstanAkmola
64%
KazakhstanAlmaty
64%
AndorraAndorra la Vella
64%
EgyptAswan
64%
New ZealandAuckland
64%
YemenAden
59%
JordanAmman
59%
ParaguayAsuncion
59%
Ivory CoastAbidjan
55%
GeorgiaAbkhazia
55%
United StatesArkansas
55%
RussiaArkhangelsk
55%
United Arab EmiratesAbu Dhabi
50%
EthiopiaAmhara
50%
RussiaAmur
50%
NetherlandsAruba
50%
ItalyAbruzzo
45%
SpainAndalusia
45%
ItalyAosta Valley
45%
ItalyApulia
45%
TurkmenistanAshgabat
45%
AustraliaAustralian Capital Territory
45%
BrazilAcre
41%
MexicoAguascalientes
41%
FinlandÅland Islands
41%
Brazil | Colombia | Peru | VenezuelaAmazonas
41%
ChinaAnhui
41%
TurkeyAntalya
41%
ChileAntofagasta
41%
IndiaAssam
41%
ChileAtacama
41%
FranceAuvergne-Rhône-Alpes
41%
BrazilAlagoas
36%
BrazilAmapa
36%
United StatesAmerican Samoa
36%
IndiaAndhra Pradesh
36%
United KingdomAnguilla
36%
SpainAragon
36%
PortugalAzores
36%
SamoaA'ana
32%
SwitzerlandAargau
32%
IndonesiaAceh
32%
JapanAkita
32%
RussiaAltai
32%
IndiaAndaman and Nicobar Islands
32%
IndiaArunachal Pradesh
32%
RussiaAdygea
27%
ColombiaAntioquia
27%
SwitzerlandAppenzell Innerrhoden
27%
PeruArequipa
27%
RussiaAstrakhan
27%
ColombiaAtlantico
27%
NigeriaAdamawa
23%
EthiopiaAfar
23%
NorwayAgder
23%
JapanAichi
23%
RomaniaAlba
23%
ParaguayAlto Paraguay
23%
BahamasAndros
23%
JapanAomori
23%
SwitzerlandAppenzell Ausserrhoden
23%
ArmeniaArarat
23%
PortugalAveiro
23%
BahamasAcklins
18%
TurkeyAdana
18%
Algeria | MauritaniaAdrar
18%
NigerAgadez
18%
IcelandAkureyri
18%
QatarAl Khor
18%
LithuaniaAlytus
18%
PeruAncash
18%
PeruApurimac
18%
RomaniaArad
18%
ColombiaArauca
18%
ArmeniaArmavir
18%
CubaArtemisa
18%
EgyptAsyut
18%
BeninAtlantique
18%
PeruAyacucho
18%
TurkeyAydın
18%
Dominican RepublicAzua
18%
EcuadorAzuay
18%
BahamasAbaco
14%
NigeriaAbia
14%
AzerbaijanAbsheron
14%
San MarinoAcquaviva
14%
QatarAd Dawhah
14%
North MacedoniaAerodrom
14%
TurkeyAğrı
14%
AzerbaijanAgstafa
14%
AzerbaijanAgsu
14%
AlgeriaAïn Defla
14%
AlgeriaAïn Témouchent
14%
LebanonAkkar
14%
United KingdomAkrotiri and Dhekelia
14%
KazakhstanAktobe
14%
NigeriaAkwa Ibom
14%
IraqAl Anbar
14%
IranAlborz
14%
BeninAlibori
14%
GuatemalaAlta Verapaz
14%
ParaguayAlto Parana
14%
ParaguayAmambay
14%
ComorosAnjouan
14%
AlgeriaAnnaba
14%
LatviaApe
14%
ArmeniaAragatsotn
14%
RomaniaArgeș
14%
TunisiaAriana
14%
ChileArica and Parinacota
14%
TanzaniaArusha
14%
HondurasAtlántida
14%
ChileAysen
14%
PakistanAzad Jammu and Kashmir
14%
LatviaĀdaži
9%
MaldivesAddu
9%
TurkeyAdıyaman
9%
GeorgiaAdjara
9%
AzerbaijanAghjabadi
9%
KuwaitAhmadi
9%
El SalvadorAhuachapán
9%
East TimorAileu
9%
East TimorAinaro
9%
NauruAiwo
9%
LatviaAizkraukle
9%
Costa RicaAlajuela
9%
DjiboutiAli-Sabieh
9%
IraqAl Qadisiyah
9%
LibyaAl Wahat
9%
OmanAl Wusta
9%
LatviaAmata
9%
NauruAnabar
9%
MontenegroAndrijevica
9%
MoldovaAnenii Noi
9%
SloveniaAnkaran
9%
EritreaAnseba
9%
Saint LuciaAnse la Raye
9%
UgandaApac
9%
VenezuelaApure
9%
JordanAqaba
9%
IranArdabil
9%
MongoliaArkhangai
9%
DjiboutiArta
9%
HaitiArtibonite
9%
GhanaAshanti
9%
Saudi ArabiaAsir
9%
MauritaniaAssaba
9%
LaosAttapeu
9%
SeychellesAu Cap
9%
Marshall IslandsAur Atoll
9%
MyanmarAyeyarwady
9%
TurkeyAfyonkarahisar
5%
MauritiusAgaléga
5%
AzerbaijanAgdam
5%
AzerbaijanAgdash
5%
GhanaAhafo
5%
PalauAirai
5%
JordanAjloun
5%
United Arab EmiratesAjman
5%
IcelandAkranes
5%
KuwaitAl Asimah
5%
OmanAl Batinah North
5%
OmanAl Batinah South
5%
QatarAl Daayen
5%
QatarAl Rayyan
5%
QatarAl-Shahaniya
5%
QatarAl Shamal
5%
LatviaAlūksne
5%
QatarAl Wakrah
5%
YemenAmanat Al Asimah
5%
TurkeyAmasya
5%
NauruAnetan
5%
NauruAnibare
5%
VenezuelaAnzoategui
5%
SloveniaApače
5%
VenezuelaAragua
5%
Marshall IslandsArno Atoll
5%
UruguayArtigas
5%
TurkeyArtvin
5%
AzerbaijanAstara
5%
MadagascarAtsimo-Andrefana
5%
MadagascarAtsinanana
5%
LatviaAuce
5%
KiribatiAbaiang
0%
KiribatiAbemama
0%
UgandaAbim
0%
YemenAbyan
0%
CameroonAdamoua
0%
OmanAd Dakhiliyah
0%
OmanAd Dhahirah
0%
UgandaAdjumani
0%
UgandaAgago
0%
LatviaAglona
0%
São Tomé and PríncipeÁgua Grande
0%
SamoaAiga-i-le-Tai
0%
Marshall IslandsAilinglaplap Atoll
0%
Marshall IslandsAiluk Atoll
0%
PalauAimeliik
0%
LatviaAizpute
0%
SloveniaAjdovščina
0%
LatviaAknīste
0%
IcelandAkrahreppur
0%
TurkeyAksaray
0%
MadagascarAlaotra-Mangoro
0%
YemenAl Bayda
0%
OmanAl Buraymi
0%
UgandaAlebtong
0%
SyriaAl-Hasakah
0%
YemenAl Hudaydah
0%
YemenAl Jawf
0%
SudanAl Jazirah
0%
YemenAl Mahrah
0%
YemenAl Mahwit
0%
LatviaAloja
0%
LatviaAlsunga
0%
ThailandAmnat Charoen
0%
UgandaAmolatar
0%
MadagascarAmoron'i Mania
0%
YemenAmran
0%
UgandaAmudat
0%
UgandaAmuria
0%
UgandaAmuru
0%
MadagascarAnalamanga
0%
MadagascarAnalanjirofo
0%
NigeriaAnanmbra
0%
UzbekistanAndijan
0%
MadagascarAndroy
0%
PalauAngaur
0%
VietnamAn Giang
0%
ThailandAng Thong
0%
Equatorial GuineaAnnabon
0%
MadagascarAnosy
0%
SeychellesAnse aux Pins
0%
SeychellesAnse Boileau
0%
SeychellesAnse Etoile
0%
SeychellesAnse Royale
0%
North MacedoniaAračinovo
0%
KiribatiAranuka
0%
IcelandÁrborg
0%
TurkeyArdahan
0%
Trinidad and TobagoArima
0%
IcelandÁrneshreppur
0%
KiribatiArorae
0%
UgandaArua
0%
IcelandÁsahreppur
0%
OmanAsh Sharqiyah North
0%
OmanAsh Sharqiyah South
0%
SyriaAs-Suwayda
0%
BeninAtacora
0%
MadagascarAtsimo-Atsinanana
0%
SamoaAtua
0%
Papua New GuineaAutonomous Region of Bougainville
0%
SomaliaAwdal
0%

Score Distribution

Percentile by Number Answered

Percent of People with Each Score

Your Score History

You have not taken this quiz